[Event "European Youth Chess Championship G16"]
[Site "Prague, Top Hotel Prague"]
[Date "2012.08.19"]
[Round "3.39"]
[White "Stranska, Kamila"]
[Black "Chetina, Elizaveta"]
[Result "0-1"]
[WhiteElo "1633"]
[BlackElo "1793"]
[PlyCount "72"]
[EventDate "2012.08.17"]

1. e4 e5 2. Nf3 Nc6 3. Bb5 a6 4. Ba4 Nf6 5. d3 b5 6. Bb3 Bc5 7. O-O d6 8. Bg5
h6 9. Bh4 g5 10. Bg3 Bg4 11. Nbd2 Ne7 12. Re1 Qd7 13. Nf1 h5 14. h3 h4 15. Bh2
Bh5 16. c3 g4 17. hxg4 Qxg4 18. Ne3 Bxe3 19. Rxe3 Rg8 20. Ne1 Qg5 21. Qc1 Bg4
22. Bd1 Kd7 23. d4 Bxd1 24. Qxd1 Ng4 25. Rf3 f6 26. Qe2 Raf8 27. Rd1 Nxh2 28.
Kxh2 Qg4 29. Qd3 Ng6 30. Rd2 Nf4 31. Qf1 Rg7 32. Re3 Rfg8 33. f3 Qg3+ 34. Kh1
h3 35. gxh3 Nxh3 36. Rg2 Qh4 0-1